1526 1302 1999 1590 1980 1381 1981 1668 1102 1849 1330 1040 1471 1016 1357 1114 1435 1864 1393 1166 1213 1511 1559 1816 1331 1304 1786 1131 1253 1703 1574 1493 1235 1442 1811 1000 1156 1218 1690 1376 1698 1683 1024 1740 1963 1889 1260 1546 1739 1123 1597 1573 1635 1468 1825 1345 1523 1005 1844 1827 1188 1343 1096 1945 1878 1384 1191 1228 1749 1150 1539 1095 1525 1611 1847 1174 1151 1484 1407 1083 1496 1760 1425 1514 1684 1748 1160 1285 1945 1052 1332 1827 1745 1733 1739 1436 1284 1924 1183 BCNSPRNW ULIB Ver.6.0+V

เปลี่ยนเป็นภาษาไทย

Change to English
 แสดงรายละเอียดบรรณานุกรม
  กลับหน้าหลัก

Brief Record : Get Marc (ISO 2709) : E-mail record : QR code < ปิดหน้าต่าง
LEADER : 00000nam 2200000uu 4500
001    13399122492
003     ULIB
008    970409s2537 th m 000 0 tha d
020    ^a9745878642
099    ^aวพ.W84.6ส748ป
100 0  ^aสุจิตรา สิกขะมณฑล
245 10 ^aประสิทธิผลของงานสาธารณสุขมูลฐานของหมู่บ้านที่มีศูนย์สาธารณสุขมูลฐานชุมชน ในจังหวัดลำปาง ปี พ.ศ. 2536 =^bEffectiveness of primary health care program of villages with the Community Primary Health Care Center in Lampang province, B.E. 2536 /^cสุจิตรา สิกขะมณฑล
246 31 ^aEffectiveness of primary health care program of villages with the Community Primary Health Care Center in Lampang province, B.E. 2536
260    ^a^c2537
300    ^aก-ซ, 189 แผ่น ;^c30 ซม.
500    ^aSend to Single Search
502    ^aวิทยานิพนธ์ (วท.ม. (สาธารณสุขศาสตร์))--มหาวิทยาลัยมหิดล, 2537
610 24 ^aมหาวิทยาลัยมหิดล^xวิทยานิพนธ์
610 24 ^aมหาวิทยาลัยมหิดล. ^bคณะสาธารณสุขศาสตร์^xวิทยานิพนธ์
650  4 ^aศูนย์สาธารณสุขมูลฐานชุมชน^xองค์การและการบริหาร
650  4 ^aสาธารณสุขมูลฐาน^zลำปาง
650  4 ^aสาธารณสุขมูลฐาน
650  4 ^aสาธารณสุข, การบริหาร
691    ^aวท.ม. (2537)
692    ^aพยาบาลสาธารณสุข (มหาวิทยาลัยมหิดล 2537)
710 2  ^aมหาวิทยาลัยมหิดล
710 2  ^aมหาวิทยาลัยมหิดล. ^bคณะสาธารณสุขศาสตร์
710 22 ^aมหาวิทยาลัยมหิดล.^tวิทยานิพนธ์
710 22 ^aMahidol University.^tThesis
945    ^p0^l0^i023434
999    ^aกมลทิพย์ ธนสารสุธี
รายการนี้ยังไม่มีแท็ก
คุณยังไม่ได้ล็อกอิน คุณสามารถมีกิจกรรมร่วมกับเว็บไซต์ได้ แต่ต้องล็อกอินก่อน ::
  ล็อกอิน

รายการสื่อสารสนเทศ

ลำดับที่ ประเภท เลขเรียก/บาร์โค้ด สถานที่ สถานะ
1. วิทยานิพนธ์
วิทยานิพนธ์
วพ.W84.6ส748ป  
  Barcode: 023434
ห้องสมุดวิทยาเขตสวรรค์ประชารักษ์
► วิทยานิพนธ์
บนชั้น

รายการใกล้เคียง
    หัวเรื่อง [สาธารณสุขมูลฐาน]
    หัวเรื่อง [สาธารณสุข, การบริหาร]

BibComment


ยังไม่เคยถูกคอมเมนท์

คอมเมนท์ทรัพยากรรายการนี้
  คอมเมนท์: ประสิทธิผลของงาน..


 Copyright 2026. Bcnsprnw @Library